Συστήματα πληροφορικής & αναλυτικά εργαλεία για την άμυνα

Αποθηκεύτηκε σε:
Λεπτομέρειες βιβλιογραφικής εγγραφής
Κύριος συγγραφέας: Πολυμενόπουλος, Αλέξανδρος
Μορφή: Βιβλίο
Γλώσσα:Greek
Δημοσίευση: Αθήνα : Εξάντας, 2000
Θέματα:
Ετικέτες: Προσθήκη ετικέτας
Δεν υπάρχουν, Καταχωρήστε ετικέτα πρώτοι!

MARC

LEADER 00000cam a2200000 i 4500
001 1/20871
008 010829s1999 gre d
020 |a 960-256-421-0 
035 |l 10067203 
040 |a GR-MY-UA  |b gre  |e aacr 
041 0 |a gre 
082 0 |a 623.043 
100 1 |a Πολυμενόπουλος, Αλέξανδρος. 
245 1 0 |a Συστήματα πληροφορικής & αναλυτικά εργαλεία για την άμυνα /  |c Πολυμενόπουλος Αλέξανδρος 
260 |a Αθήνα :   |b Εξάντας,   |c 2000 
300 |a 229 σ.;  |b εικ.;  |c 24 εκ. 
504 |a Περιέχει βιβλιογραφία 
650 0 0 |a Electronics in military engineering. 
650 0 0 |a Information warfare. 
852 |a INST  |b CHIOS  |e 20011106  |h 623.043 ΠΟΛ  |p 005200021012  |q 005200021012  |t BK  |y 0 
852 |a INST  |b LESVOS  |e 20060713  |h 623.043 ΠΟΛ  |p 005100036277  |q 005100036277  |t BK  |y 0 
852 |a INST  |b SAMOS  |e 20010829  |h 623.043 ΠΟΛ  |p 005300020519  |q 005300020519  |t BK  |y 0 
901 |a BIBL2-2001-3 
901 |a BIBL3-2001-2 
901 |a BIBL1-2006-2 
909 |a Σ  |b 087180 
909 |a Χ  |b 083895 
909 |a Λ  |b 128923 
970 |a ΜΑΛΑΓΑΡΗ  |b ΦΩΤΕΙΝΗ  |z 2001/08/29